Music Quiz

Random Music or Famous Quiz
Score 0/16 Timer 05:00
7 Plays Today
% Correct
Kiss - Rock and Roll All Nite
80.2%
KC and the Sunshine Band -
Shake Your Booty
76.8%
Kesha - TiK ToK
76%
Kamakawiwo'Ole, Israel - *medley*
75.9%
Kansas - Dust in the Wind
72.7%
Knight, Gladys (and the Pips) -
Midnight Train to Georgia
71.8%
Keys, Alicia - No One
69.2%
Korn - Freak on a Leash
68.8%
% Correct
Kravitz, Lenny -
Are You Gonna Go My Way
68.6%
Kinks - Lola
67.6%
The Killers - Mr. Brightside
59.2%
Kraftwerk - The Robots
56.3%
Kings of Leon - Use Somebody
55.6%
Keane - Everybody's Changing
49.1%
Kris Kross - Jump
49%
Kaiser Chiefs - Ruby
42.4%
Remove Ads.
Support Sporcle.
Get the best of Sporcle when you Go Orange. This ad-free experience offers more features, more stats, and more fun while also helping to support Sporcle. Thank you for becoming a member.

You're not logged in!

Compare scores with friends on all Sporcle quizzes.
OR
Log In

Sporcle TV

Today on Sporcle TV


Watch our educational content, quiz creation guides, and fun videos on Sporcle TV.

Show Comments

Extras

Top Quizzes Today


Score Distribution

Paid Content

Your Account Isn't Verified!

In order to create a playlist on Sporcle, you need to verify the email address you used during registration. Go to your Sporcle Settings to finish the process.

Report this User

Report this user for behavior that violates our Community Guidelines.

Details: